[Event "EU-ch 6th"]
[Site "Warsaw"]
[Date "2005.06.26"]
[Round "8"]
[White "Carlsen, Magnus"]
[Black "Sargissian, Gabriel"]
[Result "1/2-1/2"]
[WhiteElo "2548"]
[BlackElo "2630"]
[PlyCount "110"]
[EventDate "2005.06.18"]
[EventType "swiss"]
[EventRounds "13"]
[EventCountry "POL"]
[SourceTitle "CBM 108"]
[Source "ChessBase"]
[SourceDate "2005.09.26"]
[SourceVersion "1"]
[SourceVersionDate "2005.09.26"]
[SourceQuality "1"]

1. e4 e5 2. Nf3 Nc6 3. Bb5 a6 4. Ba4 Nf6 5. O-O Be7 6. Re1 b5 7. Bb3 O-O 8. h3 Bb7 9. d3 d6 10. a4 Na5 11. Ba2 c5 ({RR} 11... b4 12. c3 c5 13. Nbd2 h6 14. cxb4 cxb4 15. Nc4 Nxc4 16. Bxc4 a5 17. b3 Rc8 18. Bb2 Re8 19. Rc1 Bf8 20. Nd2 Rc7 21. d4 Nxe4 22. Nxe4 Bxe4 23. Rxe4 d5 24. Bxd5 Qxd5 25. Rxc7 Qxe4 26. dxe5 {Xue,H (2553)-Esipenko,A (2693) chess.com INT 2025 1-0 (58)}) 12. Bg5 ({RR} 12. Nbd2 Qc7 13. Nf1 b4 14. Bd2 Bc8 15. Ne3 Be6 16. Nf5 Nc6 17. c3 Bxa2 18. Rxa2 bxc3 19. bxc3 Rfb8 20. d4 Bf8 21. dxc5 dxc5 22. Bg5 Ne8 23. Ne3 Nd6 24. Nd5 Qb7 25. Nd2 Na5 26. Qg4 Qc8 {Vachier Lagrave,M (2718)-Carlsen,M (2832) chess.com INT 2024 1-0 (52)}) ({RR} 12. Nbd2 bxa4 13. Nf1 c4 14. Ng3 g6 15. Bh6 Re8 16. dxc4 Nd7 17. c5 Nxc5 18. Qd2 Ne6 19. Bxe6 fxe6 20. Rxa4 Nc6 21. c3 {½-½ (21) Fedorchuk,S (2576)-Sargissian,G (2612) Dubai 2006}) 12... b4 13. Nbd2 Nd7 $146 ({RR} 13... Rb8 14. c3 Nc6 15. Nc4 h6 16. Bd2 Na5 17. Nxa5 Qxa5 18. Nh4 Bc8 19. f4 Kh7 20. Nf5 Qc7 21. cxb4 cxb4 22. Rc1 Qd8 23. Nxe7 Qxe7 24. f5 Bd7 25. Bb3 a5 26. Be3 Rfc8 27. Rxc8 Bxc8 28. g4 {Berzina,I (2278)-Piarnpuu,L (2172) Turin 2006 ½-½ (42)}) ({RR} 13... h6 14. Bxf6 Bxf6 15. c3 d5 16. exd5 Bxd5 17. Bxd5 Qxd5 18. Ne4 Be7 19. Ng3 Nc6 20. Nf5 Rfe8 21. Ne3 Qd8 22. Nc4 Bf6 23. Re4 Ra7 24. Qe2 Rae7 25. Qe3 Re6 26. Rd1 Qd5 27. Qd2 Bd8 28. Ne3 {Gallo Garcia,K (2356)-Dudin,G (2537) Mexico City MEX 2023 0-1 (46)}) 14. Bxe7 Qxe7 15. Nf1 Nb6 16. c3 bxc3 17. bxc3 Qc7 18. Ne3 c4 19. dxc4 Bc8 20. Nf5 Nbxc4 21. Nd2 d5 22. Ne3 Nxe3 23. Rxe3 dxe4 24. Nxe4 Bf5 25. Qd6 Rac8 26. Qxc7 Rxc7 27. Nd6 Be6 28. Bxe6 fxe6 29. Rxe5 Nb3 30. Rb1 Nc5 31. a5 Rd8 32. Ne4 Nxe4 33. Rxe4 Rd5 34. Ra4 Rcc5 35. c4 Re5 36. Rb6 Rxa5 37. Rxa6 Rxa6 38. Rxa6 Re2 39. Ra4 Rc2 40. c5 Kf7 41. Ra8 e5 42. Rc8 Ke6 43. c6 g6 44. Rc7 Kf6 45. f3 h5 46. Kh2 h4 47. Rc8 Kg7 48. Kg1 Rc4 49. Kf1 e4 50. Ke2 exf3+ 51. Ke3 Kf6 52. gxf3 Kg7 53. c7 Rc1 54. f4 Kh7 55. Ke4 Kg7 1/2-1/2

[Event "EU-ch 6th"]
[Site "Warsaw"]
[Date "2005.06.27"]
[Round "9"]
[White "Naiditsch, Arkadij"]
[Black "Carlsen, Magnus"]
[Result "1/2-1/2"]
[WhiteElo "2626"]
[BlackElo "2548"]
[PlyCount "59"]
[EventDate "2005.06.18"]
[EventType "swiss"]
[EventRounds "13"]
[EventCountry "POL"]
[SourceTitle "CBM 108"]
[Source "ChessBase"]
[SourceDate "2005.09.26"]
[SourceVersion "1"]
[SourceVersionDate "2005.09.26"]
[SourceQuality "1"]

1. e4 e5 2. Nf3 Nc6 3. Bb5 a6 4. Ba4 Nf6 5. O-O Be7 6. Re1 b5 7. Bb3 O-O 8. d4 d6 9. c3 Bg4 10. d5 Na5 11. Bc2 c6 12. h3 Bh5 13. dxc6 Qc7 14. Nbd2 Qxc6 15. Nf1 Bg6 ({RR} 15... Rfd8 16. a4 Nc4 17. Qe2 Rab8 18. axb5 axb5 19. Bd3 Qc7 20. Ng3 Bg6 21. Bg5 d5 22. exd5 Bxd3 23. Qxd3 Rxd5 24. Qe2 h6 25. Bxf6 Bxf6 26. Ra6 Be7 27. b3 Nd6 28. Nxe5 Bf6 29. Ng4 Bxc3 30. Qf3 {LCZero 0.31-dag-5350a2e-BT4-6 (3631)-Stockfish dev-20240728-2343f7 (3662) tcec-chess.com INT 2024 ½-½ (50)}) 16. Ng3 Rfe8 17. a4 Nc4 18. Qe2 $146 ({RR} 18. Nh4 d5 19. Nxg6 hxg6 20. exd5 Nxd5 21. Be4 Rad8 22. axb5 axb5 23. Qf3 f5 24. Bxd5+ Qxd5 25. Qxd5+ Rxd5 26. b3 Nd6 27. Ba3 Bh4 28. Rad1 Rxd1 29. Rxd1 Nf7 30. Ne2 Ra8 31. Bb4 Ra2 32. Kf1 Rb2 {Quillan,G (2300)-Baker,C (2260) England 1994 ½-½ (38)}) ({RR} 18. Nh4 d5 19. Nxg6 hxg6 20. exd5 Nxd5 21. axb5 axb5 22. Rxa8 Rxa8 23. Qf3 Ra1 24. Rd1 Qe6 25. Ne2 Nf6 26. Qb7 Nd6 27. Qb6 Qc4 28. Qe3 e4 29. b3 Qc7 30. Qg3 Qc5 31. Qe3 Qc7 32. g4 Qc6 {Ghinda,M (2475)-Zieher,H Hamburg 1980 ½-½ (41)}) 18... d5 19. exd5 Nxd5 20. Bxg6 hxg6 21. axb5 axb5 22. Nxe5 Nxe5 23. Rxa8 Rxa8 24. Qxe5 b4 25. Qe4 bxc3 26. bxc3 Qxc3 27. Rd1 Rd8 28. Ne2 Qb4 29. Qc2 Nf6 30. Rxd8+ 1/2-1/2

[Event "EU-ch 6th"]
[Site "Warsaw"]
[Date "2005.06.28"]
[Round "10"]
[White "Smirnov, Pavel"]
[Black "Carlsen, Magnus"]
[Result "1/2-1/2"]
[WhiteElo "2624"]
[BlackElo "2548"]
[PlyCount "53"]
[EventDate "2005.06.18"]
[EventType "swiss"]
[EventRounds "13"]
[EventCountry "POL"]
[SourceTitle "CBM 108"]
[Source "ChessBase"]
[SourceDate "2005.09.26"]
[SourceVersion "1"]
[SourceVersionDate "2005.09.26"]
[SourceQuality "1"]

1. e4 e5 2. Nf3 Nf6 3. Nxe5 d6 4. Nf3 Nxe4 5. Nc3 Nxc3 6. dxc3 Be7 7. Be3 Nc6 8. Qd2 Be6 9. O-O-O Qd7 10. Ng5 Bxg5 11. Bxg5 f6 12. Be3 O-O-O ({RR} 12... a6 13. Be2 O-O-O 14. b3 Rhe8 15. Rhe1 Bg4 16. f3 Bf5 17. Kb2 h6 18. Bf2 Re7 19. Bf1 Rxe1 20. Rxe1 Re8 21. h3 Rxe1 22. Qxe1 Qe7 23. Qxe7 Nxe7 24. c4 c5 25. Kc3 Nc6 26. a3 a5 27. g4 {Sipos,I (2454)-Csonka,B (2473) Hungary HUN 2025 ½-½}) 13. b3 Rhe8 14. h3 Bf5 15. Kb2 $146 ({RR} 15. Be2 Be4 16. Rhg1 Kb8 17. Rde1 Re7 18. Bg4 Qe8 19. Bd1 Qd7 20. f3 Bg6 21. Bf2 Rxe1 22. Rxe1 Re8 23. Be2 Re7 24. Rd1 Qf5 25. Bf1 Re8 26. Kb2 Kc8 27. Bc4 Qd7 28. Bg1 Bf7 29. Bf1 Qe6 {Kobalia,M (2614)-Kritz,L (2544) Biel 2005 ½-½ (56)}) 15... Kb8 16. Be2 Be4 17. Rhg1 Re7 18. g4 Rde8 19. h4 Ne5 20. Qd4 Nc6 21. Qd2 Ne5 22. Qd4 Nc6 23. Qa4 a6 24. b4 Ne5 25. Qxd7 Rxd7 26. Rg3 b5 27. Rd4 1/2-1/2

[Event "EU-ch 6th"]
[Site "Warsaw"]
[Date "2005.06.29"]
[Round "11"]
[White "Carlsen, Magnus"]
[Black "Korneev, Oleg"]
[Result "0-1"]
[WhiteElo "2548"]
[BlackElo "2611"]
[Annotator "Ribli,Zoltan"]
[PlyCount "68"]
[EventDate "2005.06.18"]
[EventType "swiss"]
[EventRounds "13"]
[EventCountry "POL"]
[SourceTitle "CBM 108"]
[Source "ChessBase"]
[SourceDate "2005.09.26"]
[SourceVersion "1"]
[SourceVersionDate "2005.09.26"]
[SourceQuality "1"]

1. e4 c5 2. Nf3 e6 3. d4 cxd4 4. Nxd4 Nc6 5. Nc3 a6 6. Be3 Nf6 7. g4 {Dieser Zug führt zu sehr scharfem Spiel und erinnert mich ein wenig an den Keres-Angriff der Scheveninger Variante. Mit 7.d2 kann Weiß nicht so erfolgreich spielen, wie im Falle von 5...c7 (statt 5...a6), da mit 7...b4 8.f3 d5 Schwarz gute Chancen bekommt.} (7. Qd2) 7... h6 {Wie in der Scheweninger Variante (1.e4 c5 2.f3 e6 3.d4 cxd4 4.xd4 f6 5.c3 d6 6.g4) ist dies eine gute und ruhige Fortsetzung.} (7... h5 8. gxh5 Qa5 9. h6 g6 10. Qf3 Nh5 11. Nxc6 bxc6 12. O-O-O Rb8 13. Rd4 c5 14. Rc4 Bb7 15. Be2 Bc6 16. Rd1 Rb4 {½-½ Forster,R-Gavrikov,V/Switzerland 2003/EXT 2004 (32)}) (7... Bb4 8. Bg2 d5 (8... h6 $5) 9. g5 $1 Nxe4 10. Nxc6 bxc6 11. Bxe4 Bxc3+ (11... dxe4 12. Qxd8+ Kxd8 13. O-O-O+ Ke7 14. Nxe4 $16) 12. bxc3 dxe4 13. Qxd8+ Kxd8 14. O-O-O+ Kc7 15. Bf4+ Kb7 16. Be5 $36 {[%csl Rb7,Rc8,Ge5] 1-0 Hector,J-Hansen,C/Malmo 2003/CBM 95/[Ribli] (49)}) 8. Bg2 (8. h3 Qc7 9. Bg2 Nxd4 10. Qxd4 e5 11. Qb6 Qxb6 12. Bxb6 d6 13. O-O-O Be6 14. Bc7 Kd7 15. Ba5 Rb8 {½-½ Hector,J-Andersson,U/Sweden 2000/EXT 2002 (63)}) 8... d5 9. O-O Bb4 10. exd5 {Das ist die Neuerung von Weiß; 7 Runden früher spielte der junge norwegische GM hier 10.h3.} (10. h3 O-O 11. Nde2 Bxc3 12. Nxc3 d4 13. e5 Nxg4 14. Qxg4 dxe3 15. Bxc6 bxc6 16. Ne4 Qc7 {0-1 Carlsen,M-Volokitin,A/Biel 2005/CBM 108 (37)}) 10... exd5 11. h3 O-O $11 {Diese Stellung erinnert mich an die Variante 1.e4 c5 2.c3 c6 3.g3 e6 4.g2 f6 5.ge2 d5 6.exd5 exd5 7.d4 cxd4 8.xd4. Der Hauptunterschied ist, dass in unsere Partie die weiße Königsstellung schächer ist.} 12. Nce2 Re8 13. Nxc6 $6 {[%mdl 16384] Mit diesem Zug verstärkt Weiß nur die gegnerische Zentrumsstellung.} (13. c3 $11) (13. Ng3 $11) 13... bxc6 $15 {[%csl Gc6,Gd5]} 14. c4 a5 {[%cal Gc8a6,Ga6f1]} (14... Rb8 $15) 15. Nd4 Ra6 (15... Bb7 16. Rc1 $11) 16. Qd3 (16. a3 Bf8 $15 (16... Bd6 $15)) 16... c5 17. Nf5 (17. Nc2 Rd6 $15 {[%cal Gc8a6,Ga6f1]}) (17. Nb5 $5) 17... d4 (17... Bxf5 18. Qxf5 dxc4 19. Qc2 $11) 18. Bf4 (18. Bd2 $6 Bxd2 19. Qxd2 Bxf5 20. gxf5 Qd7 $17) 18... a4 19. Bf3 $6 {Dieser Läuferzug scheint mir etwas zu passiv - nach meiner Meinung sollte Weiß 19.a3 spielen.} (19. a3 Ba5 $15) 19... a3 20. b3 Bxf5 21. Qxf5 (21. gxf5 Nd7 $17 {[%cal Gd7e5,Ge5d3,Ge5f3]}) 21... Rae6 $17 {[%csl Gb4,Ge6,Ge8][%cal Ge8e1] Schwarz kontrolliert sehr stark die einzige offene Linie und sein Läufer steht gut auf b4. Aber statt der Partiefortsetzung konnte Schwarz stark mit 21...xg4! fortsetzen.} (21... Nxg4 $1 {[%csl Ga6][%cal Ga6g6]} 22. Qxg4 (22. hxg4 Rf6 23. Qd3 Rxf4 $19) 22... Rg6 $19) 22. Rad1 $146 ({RR} 22. Kg2 Ne4 23. Bxe4 Rxe4 24. Bg3 Qa8 25. Qf3 Re2 26. Qxa8 Rxa8 27. Kf3 Rae8 28. Rfd1 Bc3 29. Rac1 R8e6 30. Rd3 Rxa2 {0-1 (30) Fer,V (2199)-Kuznetsov,G (2310) Ekaterinburg 2007}) 22... Ne4 23. Bxe4 Rxe4 {Alle schwarzen Figuren stehen sehr aktiv, während es in der weißen Stellung nur Schwächen gibt.} 24. Bd2 g6 (24... R8e5 25. Qf3 Re2 26. Bxb4 cxb4 $17) 25. Qf3 Bxd2 26. Rxd2 h5 $1 {[%cal Rd8g5,Rg5g1,Rg5d2][%mdl 128] Mit diesem Zug beginnt Schwarz seinen direkte Angriff am Königsflügel.} 27. Qg3 hxg4 28. hxg4 Qg5 {[%csl Rd2,Rg1,Rg3][%cal Rg5d2,Re4g4]} 29. f4 Re3 $19 (29... Qe7 $17) 30. Qh2 (30. fxg5 Rxg3+ $19) 30... Qxg4+ 31. Rg2 Qf5 32. Rg5 Qd3 33. Qh4 Rh3 34. Qg4 Rh1+ 0-1

[Event "EU-ch 6th"]
[Site "Warsaw"]
[Date "2005.06.30"]
[Round "12"]
[White "Carlsen, Magnus"]
[Black "Nielsen, Peter Heine"]
[Result "1-0"]
[WhiteElo "2548"]
[BlackElo "2653"]
[Annotator "Postny,Evgeny"]
[PlyCount "97"]
[EventDate "2005.06.18"]
[EventType "swiss"]
[EventRounds "13"]
[EventCountry "POL"]
[SourceTitle "CBM 108"]
[Source "ChessBase"]
[SourceDate "2005.09.26"]
[SourceVersion "1"]
[SourceVersionDate "2005.09.26"]
[SourceQuality "1"]

1. e4 {Wedberg,Tom} e5 2. Nf3 Nc6 3. Bb5 Nf6 4. O-O Nxe4 5. d4 Nd6 6. Bxc6 dxc6 7. dxe5 Nf5 8. Qxd8+ Kxd8 9. Nc3 h6 10. h3 Bd7 {The plan with evacuating the king to queenside is the most popular on the top level since the match Kasparov-Kramnik 2000.} 11. Bf4 Kc8 12. Rad1 b6 (12... Bb4 13. Ne4 Be6 14. c3 Be7 15. b3 b6 16. g4 Nh4 17. Nxh4 Bxh4 18. Bg3 Be7 19. f4 h5 20. f5 Bd5 21. Rd4 hxg4 22. hxg4 Ba3 23. Kf2 a5 24. c4 Bxe4 25. Rxe4 $16 {1-0 Short,N-Sokolov,I/Wijk aan Zee 2005 (48)}) ({RR} 12... Bb4 13. Ne4 Be6 14. g4 Bd5 15. gxf5 Bxe4 16. Nd4) 13. a3 (13. Rd3 Be6 ({RR} 13... c5 14. Re1 Be6 15. Bh2 c4 16. Rd2 Bb4 17. Red1 g5) 14. Rfd1 Kb7 15. b3 g5 16. Bc1 c5 17. Nd5 Ne7 18. Nxe7 Bxe7 19. c4 Rag8 ({RR} 19... a6) 20. Nd2 g4 21. hxg4 Rxg4 22. Nf1 Rhg8 23. Rg3 ({RR} 23. g3 h5) 23... h5 24. Re1 a6 25. Rxg4 hxg4 26. Rd1 Kc6 $15 {1-0 Anand,V-Topalov,V/Monte Carlo 2005 (46)}) (13. b3 Ne7 14. Bh2 a5 15. Rd2 Be6 16. Nd4 Nd5 17. Nce2 Bb4 18. Rd3 Bc5 19. a4 Nb4 20. Rg3 g5 21. c3 Nd5 22. Nxe6 fxe6 $15 {½-½ Polgar,J-Bruzon,L/Wijk aan Zee 2005 (55)}) ({RR} 13. Rd3 Be6 14. Rfd1 Kb7 15. b3 g5 16. Bc1 c5 17. Nd5 Ne7 18. Nxe7 Bxe7 19. c4 Rag8 20. Nd2 g4 21. hxg4 Rxg4 22. Nf1 Rhg8 23. Rg3 h5 24. Re1 a6 25. Rxg4 hxg4 26. Rd1 Kc6 27. Bf4 Rd8 {Anand,V (2786)-Topalov,V (2757) Monte Carlo 2005 CBM 105 Extra [Wedberg,Tom] 1-0 (46)}) ({RR} 13. g4 Ne7 14. Bg3 Be6 15. Nd4 Bc4 16. Rfe1 c5 17. Nde2 g5 18. f4 gxf4 19. Nxf4 Nc6 20. b3 Be6 21. Nxe6 fxe6 22. Ne2 Kb7 23. Kg2 Nb4 24. Rd2 Be7 25. c3 Nd5 26. c4 Nb4 27. h4 Rhg8 {Bacrot,E (2653)-Sanal,V (2590) chess.com INT 2023 0-1 (40)}) 13... Be6 (13... Ne7 14. Rfe1 Ng6 15. Bg3 Be7 16. Nd4 Nf8 17. Bf4 Kb7 18. Be3 Re8 19. f4 h5 20. Ne4 c5 21. Nf3 Bf5 22. Bc1 Ne6 23. c3 h4 24. Neg5 Nxg5 25. Nxg5 Bxg5 26. fxg5 a5 $15 {½-½ Kasimdzhanov,R-Sasikiran,K/Jodhpur 2003 (53)}) 14. g4 $146 {Sooner or later, white has to follow his main plan of advancing his pawn majority on the kingside.} (14. Rfe1 Be7 15. Ne2 g5 16. Bc1 c5 17. g4 Ng7 18. Nc3 Kb7 19. Nd5 Bxd5 20. Rxd5 Ne6 21. Kg2 Kc6 22. Rdd1 b5 $11 {½-½ Horvath,T-Petran,P/Austria 2000 (32)}) 14... Ne7 15. Nd4 $146 ({RR} 15. Bg3 c5 16. Rd2 g6 17. Rfd1 Kb7 18. Bh4 g5 19. Bg3 Bg7 20. b3 Rhe8 21. Ne4 Nc6 22. c4 Rad8 23. Kf1 Rxd2 24. Rxd2 Na5 25. Rd3 Nxb3 26. Ned2 Na5 27. Rc3 Rd8 28. Ke2 a6 29. Ke3 Nc6 {Georgiadis,N (2098)-Menezes,C (1856) Kemer 2009 0-1 (35)}) 15... Bc4 16. Rfe1 c5 17. Nf5 Nc6 (17... Be6 18. Nxe7+ Bxe7 19. Nd5 $14) 18. Nd5 (18. Kg2 $5) 18... Bxd5 19. Rxd5 g6 20. e6 $1 {It's always curious to see a piece sacrifice in the endgame, but this one is actually forced.} (20. Ng3 $2 Nd4 $17 {[%csl Rc2,Rd5][%cal Gd4f3,Gc7c6]}) 20... gxf5 21. exf7 Bd6 $1 (21... Ne7 22. Rde5 Kd7 23. Rd1+ Kc8 24. Rde1 Kd7 $11) 22. Bxh6 $6 {[%cal Gd5d6] This is too optimistic.} (22. Re8+ Kd7 23. Rxa8 Rxa8 24. Bxh6 Ke6 (24... fxg4 25. f8=Q Rxf8 26. Bxf8 Ke6 27. Rxd6+ (27. Bxd6 Kxd5 28. Bxc7 gxh3 29. Kh2 Ke4 30. Kxh3 Kf3 $15) 27... cxd6 28. hxg4 Ne5 $11) 25. Rxd6+ cxd6 26. f8=Q Rxf8 27. Bxf8 fxg4 28. hxg4 Ne5 $11) 22... Kb7 $4 {The king goes wrong way.} (22... Rxh6 $2 23. Rxd6 $18) ({After the correct} 22... Kd7 $1 {black is on top. For example:} 23. g5 (23. Bg7 Nd4 24. Bxh8 Rxh8 25. Kg2 fxg4 26. hxg4 Nxc2 (26... Rh2+ $6 27. Kf1 Rh1+ 28. Kg2 Rh2+ $11) 27. Rh1 Rf8 28. Rh7 Ke6 29. Rf5 Nd4 $19) 23... Ne7 24. Rd2 Ng6 (24... Rxh6 $2 25. gxh6 Rf8 26. h7 Ng6 27. Re8 Rxe8 28. fxe8=Q+ Kxe8 {[%tqu "En","Find the winning move.","","","f2f4","",7]} 29. f4 $1 $18 {[%csl Rg6,Gh7][%cal Gd2g2,Gg2g6]}) 25. Rde2 Nf4 26. Re3 Raf8 27. Bxf8 Rxf8 $17) 23. Bg7 $6 ({More convincing would have been} 23. g5 $1 Nd4 24. Rxd6 cxd6 25. Kf1 Nf3 26. Re7+ Kc6 27. g6 Rxh6 (27... Ne5 28. Rxe5 dxe5 29. g7 $18) 28. g7 Rhh8 29. gxh8=Q Rxh8 30. Re8 $18) 23... Rh7 24. Rxd6 $1 Rxg7 25. Rxc6 fxg4 (25... Kxc6 $2 26. Re8 Rxf7 27. Rxa8 $18) 26. Rxb6+ {?? I assume that this is a mistake in the scoresheet, because the refutation of this is pretty much obvious to miss it...} (26. Rxc7+ Kxc7 27. Re7+ Kc6 {should be the correct order of moves.}) 26... cxb6 {??} (26... axb6 $19) 27. Re7+ Kc6 28. f8=Q Rxf8 29. Rxg7 gxh3 30. Rh7 {After some wild complications, both sides landed in the endgame where white' passed "f" pawn should decide the outcome of the game in his favour.} Rd8 (30... Rf3 31. Kf1 $18 {[%cal Gf1e2]}) 31. Rxh3 Rd1+ 32. Kg2 Rc1 33. Rc3 b5 34. Kf3 Kd5 35. Ke2 c4 36. Kd2 Rb1 37. Rh3 $1 Rf1 (37... Rxb2 $2 38. Kc1 Ra2 39. Kb1 $18 {[%csl Ra2]}) 38. Rh5+ Kd4 $2 ({Much better was} 38... Kc6 {, but I believe that after} 39. Rf5 {white has great winning chances.}) 39. Ke2 Rc1 40. Kd2 Rf1 41. Ke2 Rc1 42. c3+ Ke4 43. f3+ Kf4 44. Rxb5 $18 Rc2+ 45. Kd1 Rh2 46. Kc1 Kxf3 47. Rc5 Rh4 48. Kb1 Ke3 49. Rc7 {White is winning the second pawn.} 1-0

[Event "NOR-chB"]
[Site "Stavanger"]
[Date "2005.07.06"]
[Round "6"]
[White "Djurhuus, Rune"]
[Black "Carlsen, Magnus"]
[Result "0-1"]
[WhiteElo "2509"]
[BlackElo "2548"]
[PlyCount "46"]
[EventDate "2005.07.01"]
[EventType "swiss"]
[EventRounds "9"]
[EventCountry "NOR"]
[SourceTitle "CBM 107 Extra"]
[Source "ChessBase"]
[SourceDate "2005.09.01"]
[SourceVersion "1"]
[SourceVersionDate "2005.09.01"]
[SourceQuality "1"]

1. e4 e5 2. Bc4 Nf6 3. d3 Nc6 4. Nc3 Bb4 5. Nf3 d5 6. exd5 Nxd5 7. O-O Bxc3 8. bxc3 O-O 9. Bd2 Kh8 10. Ng5 f6 11. Qf3 Nce7 12. Ne4 b6 13. d4 Bb7 14. dxe5 Ng6 15. Qe2 f5 16. Bg5 Qe8 17. Bxd5 Bxd5 18. Nd2 h6 19. c4 Bb7 20. Be3 $146 ({RR} 20. Qh5 Bxg2 21. Rfe1 Bb7 22. e6 f4 23. h4 Rf5 24. Qg4 Qc6 25. f3 Ne5 26. Qxf5 Nxf3+ 27. Kf2 Nxd2 28. Qd5 hxg5 29. Rad1 Nxc4 30. Qxc6 Bxc6 31. hxg5 Ne3 32. Rd3 Re8 33. Rg1 Rxe6 34. Rd8+ Re8 {Djurhuus,R (2461)-Carlsen,M (2528) Sandnes 2005 0-1 (49)}) 20... f4 21. Bd4 Bxg2 22. Kxg2 f3+ 23. Nxf3 Nf4+ 0-1

[Event "NOR-ch"]
[Site "Sandnes"]
[Date "2005.07.02"]
[Round "1"]
[White "Carlsen, Magnus"]
[Black "Dannevig, Oystein"]
[Result "1-0"]
[WhiteElo "2528"]
[BlackElo "2347"]
[PlyCount "129"]
[EventDate "2005.07.02"]
[EventType "swiss"]
[EventRounds "9"]
[EventCountry "NOR"]
[SourceTitle "CBM 107 Extra"]
[Source "ChessBase"]
[SourceDate "2005.09.01"]
[SourceVersion "1"]
[SourceVersionDate "2005.09.01"]
[SourceQuality "1"]

1. e4 Nf6 2. e5 Nd5 3. d4 d6 4. Nf3 Bg4 5. Be2 c6 6. O-O Bxf3 7. Bxf3 dxe5 8. dxe5 e6 9. Nd2 Nd7 10. Re1 Bb4 ({RR} 10... h6 11. a4 a5 12. g3 Qc7 13. Nc4 N7b6 14. Qd4 Nxc4 15. Qxc4 Rd8 16. c3 Nb6 17. Qe4 Nd7 18. b4 Be7 19. Rb1 h5 20. Qe2 g6 21. bxa5 Ra8 22. Qb2 Ra7 23. a6 b6 24. Be2 O-O 25. Be3 {Karjakin,S (2727)-Short,N (2655) Kiev 2008 1-0 (38)}) ({RR} 10... Qc7 11. Qe2 Bc5 12. Ne4 Qxe5 13. c4 Ne7 14. Bd2 Nf5 15. Bc3 Bd4 16. Rad1 Bxc3 17. bxc3 Qc7 18. g4 Nh4 19. Nd6+ Kf8 20. Bh1 Ng6 21. Nxf7 Kxf7 22. Qxe6+ Kf8 23. Rxd7 Qf4 24. Re4 Qf6 25. Qxf6+ {Eynullayev,A (2214)-Cherepov,A (2087) chess.com INT 2024 0-1 (35)}) 11. Bxd5 $146 ({RR} 11. a3 Ba5 12. g3 Qb8 13. Qe2 Bc7 14. Nc4 b5 15. Ne3 Nxe5 16. Bxd5 cxd5 17. f4 Nc4 18. Nxd5 Ba5 19. b4 Qd8 20. Ne3 Bb6 21. Kh1 Rc8 22. Nxc4 Rxc4 23. Qg2 Qc8 24. Bb2 O-O 25. Re2 Rd8 {Kernazhitsky,L (2371)-Sergeev,V (2438) Kiev 2004 0-1 (45)}) ({RR} 11. c4 Ne7 12. a3 Bxd2 13. Bxd2 Qc7 14. Qe2 O-O 15. Rad1 Rfd8 16. Bc3 Nf8 17. Qe4 Rxd1 18. Rxd1 Rd8 19. Rxd8 Qxd8 20. Bb4 Nf5 21. h3 Qd4 22. g4 Nh4 23. Bh1 Qxe4 24. Bxe4 Nd7 25. Bc3 Ng6 {Kummerow,H (2265)-Gruettner,R Weilburg 1996 1-0 (40)}) 11... cxd5 12. Qg4 Qb6 13. Qxg7 O-O-O 14. c3 Bc5 15. Qg3 Rdg8 16. Qf4 Rg7 17. b4 Be7 18. Nf3 Rhg8 19. g3 Kb8 20. Be3 Qc7 21. Rac1 Nb6 22. Bxb6 Qxb6 23. a3 h5 24. c4 h4 25. Qe3 hxg3 26. hxg3 Qxe3 27. Rxe3 dxc4 28. Rxc4 Bd8 29. Rd3 Bb6 30. Kg2 a6 31. Rd7 Rc8 32. Nd2 Rd8 33. Rxd8+ Bxd8 34. Ne4 Be7 35. f4 Rg8 36. Kf3 Rd8 37. Ke3 Rd1 38. Rd4 Ra1 39. Rd3 Kc7 40. Nf6 Kc6 41. Ke4 Re1+ 42. Kf3 Ra1 43. Kg4 b6 44. Ng8 Bf8 45. Kg5 a5 46. Kf6 axb4 47. axb4 Ra7 48. g4 Kb5 49. g5 Kxb4 50. Rd8 Bc5 51. Re8 b5 52. Nh6 Ka3 53. Nxf7 b4 54. g6 b3 55. g7 b2 56. Rb8 Bb4 57. Rxb4 Kxb4 58. g8=Q Ra1 59. Qb8+ Kc3 60. f5 exf5 61. e6 b1=Q 62. Qxb1 Rxb1 63. e7 Rb6+ 64. Kxf5 Rb5+ 65. Kf4 1-0